000 00407nam a2200145Ia 4500
005 20250423094829.0
008 250422s9999 xx 000 0 und d
020 _a0721629806
050 _aRD 521 .C64/
245 0 _aComplications in head and neck surgery
260 _c1993
300 _a582 p
650 _aHead surgery Neck surgery Intraoperative complication Postoperative complication
942 _cBK
999 _c28422
_d28422